Abkürzung von Gesetzen #1 - Statistiken

Allgemein
  • Dieses Quiz wurde 45 mal gespielt
  • Das Durchschnittsergebnis liegt bei 7 aus 20
Antwortstatistiken
Gesetzes Abkürzung Gesetz % Korrekt
WaffG Waffengesetz
84%
BGB Bürgerliches Gesetzbuch
79%
GG Grundgesetz
76%
PostG Postgesetz
66%
BtmG Betäubungsmittelgesetz
61%
JuSchG Jugendschutzgesetz
61%
UStG Umsatzsteuergesetz
55%
HGB Handelsgesetzbuch
50%
LuftVG Luftverkehrsgesetz
47%
BNatSchG Bundesnaturschutzgesetz
37%
MuSchG Mutterschutzgesetz
34%
SGB Sozialgesetzbuch
26%
AO Abgabenordnung
18%
ZollVG Zollverwaltungsgesetz
16%
EnWG Energiewirtschaftsgesetz
13%
KapErhStG Kapitalerhöhungssteuergesetz
5%
StPRO Strafprozessverordnung
5%
ZPO Zivilprozessverordnung
5%
ZVG Zwangsversteigerungsgesetz
5%
DDG Digitale-Dienste-Gesetz
0%
Keine übereinstimmenden Quizze gefunden
Verteilung der Resultate
Anzahl Personen mit jedem Resultat
Perzentil nach korrekt beantworteten Fragen
Ihre Resultats-Entwicklung
Sie haben dieses Quiz noch nicht gespielt